Normal view
MARC view
Entry Nombre personal
001 - NÚMERO DE CONTROL
- campo de control: 58593
003 - IDENTIFICADOR DE NÚMERO DE CONTROL
- campo de control: OSt
005 - FECHA Y HORA DE LA ÚLTIMA TRANSACCIÓN
- campo de control: 20240425132632.0
008 - ELEMENTOS DE DATO DE LONGITUD-FIJA
- campo de control de longitud fija: 041015 n acnnnaaan n ann d
024 7# - IDENTIFICADOR DE OTROS ESTÁNDARES
- Fuente: VIAF, 25-04-2024
- Número estándar o código: http://viaf.org/viaf/2518534
040 ## - FUENTE DE CATALOGACIÓN
- Centro catalogador/agencia de origen: OSt
- Centro/agencia transcriptor: OSt
100 00 - ENCABEZAMIENTO-NOMBRE DE PERSONA
- Nombre de persona: González del Valle, Luis,
- Fechas asociadas al nombre: 1946-
500 ## - TRAZADO DE VÉASE ADEMÁS--NOMBRE DE PERSONA
- Nombre de persona: González Del Valle, Luis Tomás.
